Visualizzazione normale
Vista MARC
- De Foucauld Charles
di Personal Name
Records bibliografici associati: 1
001 - CONTROL NUMBER
- control field: 11092
003 - CONTROL NUMBER IDENTIFIER
- control field: IT-RoPau
005 - DATE AND TIME OF LATEST TRANSACTION
- control field: 20140128102218.0
008 - FIXED-LENGTH DATA ELEMENTS
- fixed length control field: 140128|| aca||aabn | a|a d
040 ## - CATALOGING SOURCE
- Original cataloging agency: IT-RoPau
- Transcribing agency: IT-RoPau
100 ## - HEADING--PERSONAL NAME
- Personal name: De Foucauld Charles
670 ## - SOURCE DATA FOUND
- Source citation: Work cat.: (IT-RoPau)100408: De Foucauld Charles, De Foucauld-Parole dal deserto